000 00256nam a22000977a 4500
008 160510b xxu||||| |||| 00| 0 eng d
041 _aeng
080 _a61
245 _aArt of advocaay cross examination of medical experts:
_cmarshall Houts;
942 _2udc
_cBK
999 _c1985
_d1985